Revista Universitaria : (Record no. 21785)

000 -CABECERA
fixed length control field 03013nam a22003377a 4500
003 - IDENTIFICADOR DEL NÚMERO DE CONTROL
control field AR-CdUCM
008 - DATOS DE LONGITUD FIJA--INFORMACIÓN GENERAL
fixed length control field 190425b ||||| |||| 00| 0 spa d
040 ## - FUENTE DE LA CATALOGACIÓN
Agencia/entidad que catalogó originalmente la obra MUNICIPALIDAD PROVINCIAL DEL CUSCO
Entidad que transcribió la catalogación BIBLIOTECA MUNICIPAL DEL CUSCO
082 ## - NÚMERO DE LA CLASIFICACIÓN DECIMAL DEWEY
No. de Clasificación Rev.Univ/N°139/2006
110 ## - ENTRADA PRINCIPAL--NOMBRE DE ENTIDAD CORPORATIVA
Nombre de la institución, jurisdicción como entrada principal Universidad Nacional de San Antonio Abad del Cusco
9 (RLIN) 15942
245 ## - MENCIÓN DE TÍTULO
Título Revista Universitaria :
Resto del título Órgano de la Universidad del Cuzco /
260 ## - PUBLICACIÓN, DISTRIBUCIÓN, ETC.
Lugar de publicación, distribución, etc. Cusco :
Nombre de la editorial, distribuidor, etc. Universitaria,
Fecha de publicación, distribución, etc. 2006.
300 ## - DESCRIPCIÓN FÍSICA
Nº de Páginas Extensión 263 páginas. :
Otros detalles físicos ilustraciones en color ;
Dimensiones 29 cm.
440 ## - MENCIÓN DE SERIE/PUNTO DE ACCESO ADICIONAL--TÍTULO
Título Revista Universitaria
Número de la parte/sección de una obra Año ?, 2006, N°139.
9 (RLIN) 46098
505 ## - NOTA DE CONTENIDO CON FORMATO
Nota de contenido formateada Contenido: Propagación de plántulas de Bletia catenulata Ruíz & Pavón, y Epidendrum secundum Jacquín y su cultivo en invernadero. -- Agua riego, alianza y competencia en mitos del Cusco. -- Racionalidad e irracionalidad Turismo en el Cuzco. -- Algunos aspectos agroecológicos de la provincia de Canas Cusco Perú. -- Los inmigrantes en Lima estudio de caso de un artesano textil. -- Repertorio de vocalizaciones del Pichinco Zonotrichia capensis en Huacarpay Quispicanchis Cusco. -- La caracterización del rendimiento académico de los estudiantes de la UNSAAC 1984-2005. -- El léxico del castellano cuzqueño. -- Relación entre el trabajo en equipo y satisfacción laboral del personal en el servicio de emergencia del Hospital Antonio Lorena del Cusco. -- Factores clave del desarrollo artesanal en Cusco, casos Pisac y Chinchero. -- Administración de recursos económicos en el parque arqueológico de Machupicchu. -- Los retos de la Universidad a comienzos del siglo XXI. -- El poeta hacendado como tema de ficción narrativa el caso de Andrés Alencastre Gutiérrez. -- Patrimonio cultural y desarrollo. -- La frase Ama Súa, Ama Llulla, Ama Qella, no fue saludo Inca fue creación de los españoles avecindados en el Perú. -- El derecho de resistencia. -- La narrativa de Feliciano Padilla en el contexto de la literatura peruana. -- Lo esecencial y fenoménico en el conocimiento y aprendizaje. -- Un modelo matemático sobre teoría de juegos. -- Estratégias comunicativas para la participación adolescente. -- Raúl Brozovich in memoriam. -- Mariano Pantoja los milicianos españoles lo aclaman. -- El arte de la luz de Figueroa. Luis Figueroa. -- Ñampaq harawi poesía para el camino. -- Ollantay o la importancia del Quechua.
650 ## - PUNTO DE ACCESO ADICIONAL DE MATERIA--TÉRMINO DE MATERIA
Descriptor Botánica cusqueña
9 (RLIN) 45807
650 ## - PUNTO DE ACCESO ADICIONAL DE MATERIA--TÉRMINO DE MATERIA
Descriptor Ornitología cusqueña
9 (RLIN) 46014
650 ## - PUNTO DE ACCESO ADICIONAL DE MATERIA--TÉRMINO DE MATERIA
Descriptor Lexicología
9 (RLIN) 10867
650 ## - PUNTO DE ACCESO ADICIONAL DE MATERIA--TÉRMINO DE MATERIA
Descriptor Folklore cusqueño
9 (RLIN) 8693
650 ## - PUNTO DE ACCESO ADICIONAL DE MATERIA--TÉRMINO DE MATERIA
Descriptor Artesanía cusqueña
9 (RLIN) 46099
700 ## - PUNTO DE ACCESO ADICIONAL--NOMBRE DE PERSONA
Nombre Personal Ardiles Jara, Alexánder
9 (RLIN) 46100
700 ## - PUNTO DE ACCESO ADICIONAL--NOMBRE DE PERSONA
Nombre Personal Canal Ccarhuarupay, José
9 (RLIN) 8874
700 ## - PUNTO DE ACCESO ADICIONAL--NOMBRE DE PERSONA
Nombre Personal Aragón Romero, José Israel
9 (RLIN) 46101
700 ## - PUNTO DE ACCESO ADICIONAL--NOMBRE DE PERSONA
Nombre Personal Villasante Llerena, Marco
9 (RLIN) 46102
700 ## - PUNTO DE ACCESO ADICIONAL--NOMBRE DE PERSONA
Nombre Personal Pantigozo Montes, Jaime
9 (RLIN) 946
700 ## - PUNTO DE ACCESO ADICIONAL--NOMBRE DE PERSONA
Nombre Personal León Warthon, Maribel
9 (RLIN) 46103
700 ## - PUNTO DE ACCESO ADICIONAL--NOMBRE DE PERSONA
Nombre Personal Rosas Paravicino, Enrique
9 (RLIN) 417
710 ## - PUNTO DE ACCESO ADICIONAL--NOMBRE DE ENTIDAD CORPORATIVA
Nombre corporativo (En letras Mayúsculas) Universidad Nacional de San Antonio Abad del Cusco
9 (RLIN) 15942
942 ## - ELEMENTOS DE PUNTO DE ACCESO ADICIONAL (KOHA)
Fuente de clasificación
Tipo de item Revistas cusqueñas
945 ## - PROCESAMIENTO DE INFORMACIÓN LOCAL (OCLC)
Catalogador rac
Holdings
Estado de retiro (separado) Fuente de clasificación o esquema de estanterías Estado dañado Ubicación Sala donde se ubica Nombre de la colección Fecha de adquisición o compra Costo, precio normal en soles Signatura topográfica Código de Barras Última vez visto (Koha) Tipo de ítem (Koha)
No     Sala Hemeroteca Sala Hemeroteca Book Cart 2021-07-26 10.00 Rev.Univ/N°139/2006 REVC000900 2021-07-26 Revistas cusqueñas
No     Sala Hemeroteca Sala Hemeroteca Book Cart 2021-07-26 10.00 Rev.Univ/N°139/2006/e.2 REVC000418 2021-10-11 Revistas cusqueñas

Powered by Koha